000 00645nam a2200253Ia 4500
003 OSt
005 20220918192632.0
006 a|||||r|||| 00| 0
007 ta
008 220917b |||||||| |||| 00| 0 eng d
024 _a69,332
037 _cTextual
040 _aARTS
_cARTS
_beng
041 _2eng
_aeng
082 _aQ4:33, G1
100 _aThomas Edward J
_979615
245 0 _aLife of Buddha as legend and history
250 _a2nd
260 _c1931
490 _aHistory of Civillization ed by C K Ogden; 1
650 _aRELIGION
942 _hQ4:33, G1
_cTEXL
_2CC
999 _c195488
_d195488